• 首页
  • 本馆介绍
  • 公告通知
  • 最新文献
  • 馆藏检索
  • 电子资源
  • 读者导购
  • 参考咨询
  • 我的图书馆
  • 登录
  • 详细信息显示
  • 放入我的书架
  • 预约/预借图书
  • 作者相关作品
  • 分类相关作品
  • 丛书相关作品
  • 出版社相关作品

书目信息

  • 表格格式
  • 工作单格式
  • 卡片格式
题名:
文学概论
    
 
作者: 曹廷华 编
分册:  
出版信息: 北京   高等教育出版社  1986
页数: 343页
开本: 20cm
丛书名:
单 册:
中图分类: I0
科图分类:
主题词: 文学理论
电子资源:
ISBN: 7-04-001778-4
000 00612nam0 2200217 45
001 0186015855
005 20070709160341.15
010    @a7-04-001778-4@dCNY1.90
100    @a19960215d1986 em y0chiy0121 ea
101 0  @achi
102    @aCN@b110000
105    @ay z 000yy
200 10 @a文学概论@Awen xue gai lun@f曹廷华等编@FCao Ting Hua Deng Bian
210    @a北京@c高等教育出版社@d1986
215    @a343页@d20cm
300    @a中学教师培训教材 卫星电视教育、教育学院、函授、自学通用
606 0  @a文学理论
690    @aI0@v3
701  0 @a曹廷华@4编
801  0 @aCN@bNLC@c20070709
905    @dI0@e116@f1@b211343
    
    文学概论/曹廷华等编.-北京:高等教育出版社,1986
    343页;20cm
    中学教师培训教材 卫星电视教育、教育学院、函授、自学通用
    
    ISBN 7-04-001778-4:CNY1.90
    
●
相关链接 在E读中查询图书 在五车中查询图书 在当当中查询图书 在豆瓣中查询图书


正题名:文学概论     索取号:I0/116         预约/预借

序号 登录号 条形码 馆藏地/架位号 状态 备注
1 0211343   002020477   第二借阅区/ [索取号:I0/116] 在馆    
2 0211344   000901395   第二借阅区/ [索取号:I0/116] 在馆    
3 0211345   202078544   第一样本阅览室/ [索取号:I0/116] 在馆    
4 0768809   207688091   密集书库/ [索取号:I0/116] 在馆    
唐山师范学院图书馆 欢迎您!
大连网信软件有限公司© 版权所有